[Event "HUN-chT2 Erkel 0809"]
[Site "Hungary"]
[Date "2009.02.08"]
[Round "7.7"]
[White "Gombocz, Ferenc"]
[Black "Zala, Gyula"]
[Result "0-1"]
[WhiteElo "2032"]
[BlackElo "2088"]
[PlyCount "60"]
[EventDate "2008.10.26"]
[EventType "team-tourn"]
[EventRounds "11"]
[EventCountry "HUN"]
[SourceTitle "EXT 2010"]
[Source "ChessBase"]
[SourceDate "2010.11.25"]
[SourceVersion "1"]
[SourceVersionDate "2010.11.25"]
[SourceQuality "1"]
[WhiteTeam "TTC"]
[BlackTeam "Vaci"]
[WhiteTeamCountry "HUN"]
[BlackTeamCountry "HUN"]

1. e4 e5 2. Nf3 d5 3. exd5 Bd6 4. d3 f5 5. d4 e4 6. Ne5 Nf6 7. Bc4 0-0 8. Bg5 Nbd7 9. Nxd7 Bxd7 10. Nc3 a6 11. Qd2 Qe8 12. 0-0-0 b5 13. Bb3 a5 14. a3 b4 15. Nb1 Nh5 16. g3 h6 17. Bxh6 gxh6 18. Qxh6 Rf6 19. Qg5+ Qg6 20. Qxg6+ Rxg6 21. a4 Kg7 22. Nd2 Nf6 23. Nc4 Rh8 24. Ne5 Bxe5 25. dxe5 Ng4 26. e6 Be8 27. Rd2 Rxh2 28. Rxh2 Nxh2 29. c4 Nf3 30. c5 Nxd2 0-1